<?xml version="1.0" encoding="UTF-8"?>
<record
    xmlns:xsi="http://www.w3.org/2001/XMLSchema-instance"
    xsi:schemaLocation="http://www.loc.gov/MARC21/slim http://www.loc.gov/standards/marcxml/schema/MARC21slim.xsd"
    xmlns="http://www.loc.gov/MARC21/slim">

  <leader>01210aab a2200205 i 4500</leader>
  <controlfield tag="001">768714001</controlfield>
  <controlfield tag="003">CO-MdFUSB</controlfield>
  <controlfield tag="005">20240422090902.0</controlfield>
  <controlfield tag="008">220913s1994    ag ||||| |||| 00| 0 spa d</controlfield>
  <datafield tag="040" ind1=" " ind2=" ">
    <subfield code="b">spa</subfield>
    <subfield code="c">CO-MdFUSB</subfield>
    <subfield code="d">CO-MdFUSB</subfield>
  </datafield>
  <datafield tag="041" ind1=" " ind2=" ">
    <subfield code="a">spa</subfield>
  </datafield>
  <datafield tag="100" ind1="1" ind2=" ">
    <subfield code="a">Camargo L&#xF3;pez, Jes&#xFA;s</subfield>
    <subfield code="e">autor</subfield>
  </datafield>
  <datafield tag="245" ind1=" " ind2="3">
    <subfield code="a">El SIDA y la familia</subfield>
    <subfield code="c">/ Jes&#xFA;s Camargo L&#xF3;pez , Carmen P&#xE9;rez de Camargo</subfield>
  </datafield>
  <datafield tag="300" ind1=" " ind2=" ">
    <subfield code="a">Volumen 13, n&#xFA;mero 4 (octubre - diciembre, 1994), p&#xE1;ginas: 18 - 20</subfield>
    <subfield code="c">; 27 cm</subfield>
  </datafield>
  <datafield tag="520" ind1=" " ind2=" ">
    <subfield code="a">El SIDA est&#xE1; desafiando la educaci&#xF3;n familiar, las pol&#xED;ticas de salud p&#xFA;blica, la orientaci&#xF3;n religiosa y la existencia de la propia estructura social. De todo estos participantes es la familia la que mejor podr&#xED;a responder a los desaf&#xED;os de lograr una eficaz labor  de prevenci&#xF3;n. Y es la familia la que encuentra en esta moderna epidemia una de sus mayores amenazas. Las iglesias tendr&#xE1;n que proveer espacios y libertad para que las familias organicen una respuesta m&#xE1;s adecuada a esta epidemia.</subfield>
  </datafield>
  <datafield tag="653" ind1=" " ind2=" ">
    <subfield code="a">SIDA</subfield>
  </datafield>
  <datafield tag="700" ind1="1" ind2=" ">
    <subfield code="a">P&#xE9;rez de Camargo, Carmen</subfield>
  </datafield>
  <datafield tag="773" ind1="0" ind2=" ">
    <subfield code="t">Iglesia y Misi&#xF3;n</subfield>
    <subfield code="0">49402</subfield>
    <subfield code="9">59645</subfield>
    <subfield code="g">Volumen 13, n&#xFA;mero 4 (octubre - diciembre, 1994), p&#xE1;ginas: 18 - 20</subfield>
    <subfield code="q">p&#xE1;gina: 18</subfield>
  </datafield>
  <datafield tag="942" ind1=" " ind2=" ">
    <subfield code="c">ANA</subfield>
  </datafield>
  <datafield tag="999" ind1=" " ind2=" ">
    <subfield code="c">52092</subfield>
    <subfield code="d">52092</subfield>
  </datafield>
</record>
